| 000 | 00857nam a2200265 i 4500 | ||
|---|---|---|---|
| 001 | bg | ||
| 003 | BPK | ||
| 005 | 20211209112626.0 | ||
| 008 | 061210s2006 pl g e |000 0 pol | ||
| 015 | _aPB 9141/2006 | ||
| 020 | _a9788301146450 | ||
| 020 | _a8301146451 | ||
| 040 | _cBPK | ||
| 041 | 0 | _apol | |
| 080 | _a291 | ||
| 080 | _a(03) | ||
| 245 | 0 | 0 |
_aReligie świata : _bencyklopedia PWN : wierzenia, bogowie i święte księgi / _c[red. nacz. Bartłomiej Kaczorowski]. |
| 260 |
_aWarszawa : _bWydawnictwo Naukowe PWN, _c2006. |
||
| 300 |
_a858, [2] s. : _bil. (gł. kolor.) ; _c25 cm. |
||
| 655 | 4 | _aEncyklopedia | |
| 650 | 4 | _aReligioznawstwo | |
| 700 | 1 |
_aKaczorowski, Bartłomiej _d(1960- ). _eRed. |
|
| 856 |
_uhttp://koha.tu.koszalin.pl/cgi-bin/koha/opac-detail.pl?biblionumber=52505 _yKatalog online BPK |
||
| 942 |
_cKS _2UKD |
||
| 999 |
_c52505 _d52505 |
||